| 000 | 01724nam a2200421 c 4500 | ||
|---|---|---|---|
| 001 | 15474 | ||
| 003 | ES-MaCES | ||
| 005 | 20150925133834.0 | ||
| 008 | 030819s2003 sp d t 000 | spa d | ||
| 017 |
_aM 30466-2003 _bDL |
||
| 035 | _aCES20030011776m | ||
| 040 |
_aES-MaCES _bspa _cES-MaCES |
||
| 245 | 0 | 0 |
_aConsolidacion y desarrollo de la formación continua en España _b: retos para la formación continua y sus instituciones en un futuro próximo _c[Grup de Recerça Educació i Treball, Universidad Autonoma de Barcelona ; coordinadores del estudio, Jordi Planas y Judith Rifà] |
| 260 |
_a[Madrid] _bFundación Tripartita para la Formación en el Empleo _c[2003] |
||
| 300 |
_a228 p. _bgráf. _c24 cm _e1 CD-ROM |
||
| 490 | 0 |
_aDocumentos e informes _v1 |
|
| 500 | _aEn la cub.: Fondo Social Europeo | ||
| 500 | _aDisponible también en CD-ROM | ||
| 504 | _aBibliografía: p. 215-227 | ||
| 541 | _cGratuito | ||
| 650 | 4 |
_aformación profesional permanente _929931 |
|
| 650 | 4 |
_amercado de trabajo _928292 |
|
| 650 | 4 |
_aproductividad _928259 |
|
| 650 | 4 |
_aEspaña _926964 |
|
| 650 | 4 |
_aEuropa _926940 |
|
| 650 | 4 |
_aCD ROM _930331 |
|
| 653 | 1 | 0 | _aEducación |
| 650 | 4 |
_927897 _acompetencia |
|
| 700 | 1 |
_aPlanás, Jordi _ecol. _921126 |
|
| 700 | 1 |
_aRifá, Judith _ecol. _922052 |
|
| 710 | 2 |
_aFundación Tripartita para la Formacion en el Empleo _eed. _93917 |
|
| 710 | 2 |
_aUniversidad Autónoma de Barcelona _bGrup de Recerça Educació i Treball _95191 |
|
| 710 | 2 |
_aFondo Social Europeo _93639 |
|
| 830 | 0 |
_aDocumentos e informes (Fundación Tripartita para la Formación en el Empleo) _v1 _933900 |
|
| 902 | _aLIB Libro | ||
| 942 |
_2CES _cBK _h4.0. |
||
| 999 |
_c15474 _d15474 |
||